El salario mn̕imo como derecho social en Mx̌ico

Detalles Bibliográficos
Autor principal: Rodrg̕uez Garca̕, Tlexochtli Roco̕
Formato: eBook
Lenguaje:español
Publicado: Veracruz: Universidad de Xalapa, 2012
Materias:
Acceso en línea:Acceso restringido

MARC

LEADER 00000nam a22000007a 4500
005 2018033009159.0
007 cr|||| ||||
008 180330s2012 mx |||||s|||| 00||0 spa d
020 |a 978-607-8156-12-2 
035 |a 21187 
040 |a vLex 
090 |c 7585  |d 7585 
100 1 |a Rodrg̕uez Garca̕, Tlexochtli Roco̕ 
245 1 2 |a El salario mn̕imo como derecho social en Mx̌ico  |h [Recurso electrn̤ico] /  |c Tlexochtli Roco̕ Rodrg̕uez Garca̕ 
256 |a Servicio en ln̕ea 
260 |a Veracruz:  |b Universidad de Xalapa,  |c 2012 
300 |a 1 recurso electrn̤ico (149 p.) 
506 1 |a Disponible solo en los productos indicados  |d vLex Global  |d vLex Global (Academic Edition, excluding Law Schools)  |d vLex Global (U.S. Academic Edition, Law Schools)  |d vLex Global (U.S. Academic Edition, excluding Law Schools)  |d vLex Global (Academic Edition, Law Schools) 
650 0 4 |a Derecho Laboral y Seguridad Social  |z Mx̌ico 
740 0 |a vLex Libros (Servicio en ln̕ea) 
856 4 0 |u http://vlex.com/source/salario-minimo-derecho-social-mexico-21187  |z Acceso restringido 
942 |c BOOK 
999 0 |a Labor law and social security